Lady Gaga Videography - Statistics

General Stats
  • This quiz has been taken 61 times
  • The average score is 22 of 28
Answer Stats
Picture Answer % Correct
Just Dance
98%
Bad Romance
96%
Poker Face
96%
Shallow
96%
Applause
94%
Stupid Love
92%
Telephone
92%
911
91%
Judas
91%
Rain on Me
91%
GUY
87%
Perfect Illusion
87%
Born This Way
79%
Love Game
79%
Alejandro
77%
Paparazzi
77%
Hold My Hand
75%
John Wayne
74%
Marry The Night
72%
Edge of Glory
70%
Joanne
70%
You and I
70%
I'll Never Love Again
68%
Always Remember Us This Way
62%
Beautiful Dirty Rich
60%
Million Reasons
57%
Eh eh Nothing Else I Can Say
47%
Look What I Found
23%
No matching quizzes found
Score Distribution
Percent of People with Each Score
Percentile by Number Answered
Your Score History
You have not taken this quiz